Responses for Show #3502 - Tuesday, November 23, 1999

Contestants

[<< previous game]

Laura Sternberg, a software engineer from Parkland, Florida

Dave Adler, an astronomer from Columbia, Maryland

Dan McNamee, a microbiologist from Temecula, California (whose 1-day cash winnings total $2,000)

[next game >>]

Jeopardy! Round responses

GENERAL SCIENCE
SINGER-SONGWRITERS
(Alex: You have to identify them.)
DOG STARS
U.S. STATES
POETS & POETRY
STUFF
(Alex: Just plain stuff!)
    $100 4
(Dan: What is UVA?)
(Alex: (before Daily Double) Dan, your response of "UVA" is acceptable.)

Ultraviolet

DanDave
    $100 9
Michael Jackson

Dan
    $100 16
The Jetsons

Laura
    $100 1
Hawaii

Laura
    $100 17
Civil War

Dan
    $100 20
Johnnie Cochran

Dave
    $200 5
Current

Dave
    $200 10
Paul Anka

Triple Stumper
    $200 27
"Blondie"

Dan
    $200 2
Minnesota

Dan
    $200 18
E.E. Cummings

Dan
    $200 21
McCarran (Las Vegas) International Airport

Dan
    $300 6
(L: What is a...(time)?)

Sundial

DaveLaura
    $300 11
Shania Twain

Dan
    $300 28
Frasier

Dave
    $300 3
(Dan: What is Massachusetts?)

Louisiana

DanDave
    $300 19
Henry Wadsworth Longfellow

Triple Stumper
    $300 22
Astroturf

Dave
    $900 7
(Dave: What is agate?)

Metamorphic

Dave
    $400 12
Johnny Cash

Dave
    $400 29
Jonny Quest

Dan
    $400 14
Alaska

Dan
    $400 25
(we have less than a minute to go...)

Walt Whitman

Triple Stumper
    $400 23
Delivery/courier service (DHL)

Laura
    $500 8
Motion

Dan
    $500 13
Randy Newman

Dave
    $500 30
Cerberus

Laura
    $500 15
New York

Dan
    $500 26
(Laura: Who was Browning?)
(Dan: Who was Lord Byron?)

Andrew Marvell

DanLaura
Triple Stumper
    $500 24
(Alex: Don't know why they're naked!)

Shoes

Triple Stumper

Scores at the first commercial break (after clue 13):

Dan Dave Laura
$900 $900 -$200

Scores at the end of the Jeopardy! Round:

Dan Dave Laura
$2,400 $1,600 $300

Double Jeopardy! Round responses

EUROPEAN HISTORY
QUOTABLE CINEMA
HOMERIC CHARACTERS
THE 1939 WORLD'S FAIR
BETTER KNOWN AS...
WORDS WITHIN WORDS
    $200 8
Mary II

Laura
    $200 7
Chinatown

Triple Stumper
    $200 10
Achilles

Dan
    $200 6
Queens

Dan
    $200 1
Frankie Avalon

Laura
    $200 24
liter (in illiterate)

Laura
    $400 9
(Note: Spelling of "John" is correct for this clue, even though "Jan" is more familiar.)

Heresy

Dan
    $400 15
(Dan: What is the...(time)?)

Monty Python and the Holy Grail

DanDave
    $400 11
(Dan: Who is Penelope?)

Helen

Dan
Triple Stumper
    $400 12
Tomorrow

Triple Stumper
    $400 2
George Balanchine

Laura
    $600 13
(Dan: Who was Frederick the Great?)

Otto von Bismarck

Dan
Triple Stumper
    $600 16
Crocodile Dundee

Dan
    $300 20
(Dan: Who is Homer Simpson?)

Paris

Dan
    $600 21
RCA (Radio Corporation of America)

Dan
    $600 3
Harpo Marx

Laura
    $800 14
Kosovo

Dan
    $800 17
Night of the Living Dead

Triple Stumper
    $800 22
(less than a minute to go...)

League of Nations

Dan
    $800 4
Busby Berkeley

Laura
    $800 25
slander (in Islanders)

Dan
    $1000 19
Philip of Macedon

Triple Stumper
    $1000 18
(Alex: Dan, you were not ignored!)

Fatal Attraction

Dan
    $1000 23
Trylon

Triple Stumper
    $1000 5
(Dan: Who is Engelbert Humperdinck?)

Charles Aznavour

Dan
Triple Stumper
    $1000 26
[The end-of-round signal sounds.]

angst (in gangster)

Dave

Scores at the end of the Double Jeopardy! Round:

Dan Dave Laura
$5,100 $3,000 $2,700

[wagering suggestions for these scores]

Final Jeopardy! Round responses

MONUMENTS
LauraWhat is TNT?
$1,500
DaveWhat is dynamite?
$2,500
DanWhat is a chisel
$1,000
Dynamite

Final scores:

Dan Dave Laura
$4,100 $5,500 $1,200
2nd place: Trip to Club Med, Mexico New champion: $5,500 3rd place: Polaroid Photomax Digital Camera Creative Kit

Game dynamics:

Coryat scores:

Dan Dave Laura
$5,400 $3,900 $2,700
21 R
(including 1 DD),
7 W
(including 1 DD)
11 R,
1 W
(including 1 DD)
10 R,
2 W

Combined Coryat: $12,000

[game clues] [game scores] [suggest correction]

Game tape date: 1999-08-24
The J! Archive is created by fans, for fans. Scraping, republication, monetization, and malicious use prohibited; this site may use cookies and collect identifying information. See terms. The Jeopardy! game show and all elements thereof, including but not limited to copyright and trademark thereto, are the property of Jeopardy Productions, Inc. and are protected under law. This website is not affiliated with, sponsored by, or operated by Jeopardy Productions, Inc. Join the discussion at JBoard.tv.